Charley Bear (Record no. 122079)

MARC details
000 -LÍDER
campo de controle de tamanho fixo 00932 a2200121 4500
001 - NÚMERO DE CONTROLE
campo de controle 122079
040 ## - FONTE DA CATALOGAÇÃO
Instituição que transcreveu o registro Escola Canadense de Niteroi
090 ## - NÚMERO DE CHAMADA LOCAL
Número de chamada (OCLC) (R); Número de chamada, CALL (RLIN) (NR) CAR
245 10 - TÍTULO
Título Charley Bear
520 ## - NOTA DE RESUMO, ETC
Resumo, etc. Little Charley Bear fans will adore this delightful little library.<br/>Come and meet Little Charley Bear and all of his friends in this adorable little library. Get to know all of the wonderful characters from this exciting new series including Caramel the cow, Frozo the penguin, baby bear Midge and many more! These six mini Little Charley Bear books are presented in an irresistibly cute slipcase. The backs of the six books make a jigsaw, which is perfect for little hands to play with.<br/>Join Charley Bear and his friends on more amazing adventures in the series including: Who are you today, Little Charley Bear? sound book, Sheriff Charley storybook and Up in the Air Charley Bear.
650 #4 - ASSUNTO--TERMO TÓPICO
Cabeçalho tópico ou nome geográfico Kindergarten's Literature
942 ## - ELEMENTOS DE ENTRADA ADICIONADOS (KOHA)
Tipo de material Koha Livros

No items available.